Quizzes
Events
Quiz Creation
Community
Videos
Private Events
Remove Ads
Sign In
Join for FREE
Feedback
Dark Mode
Quiz Categories
Sports
Geography
Music
Movies
Television
Just For Fun
Miscellaneous
History
Literature
Language
Science
Gaming
Entertainment
Religion
Holiday
For Kids
Quiz Lab
Recent
Popular Today
Quiz Kudos Today
Editor Picks
Curator Picks
Quizzes by...
Day
Popularity
Type
Ratings
Length
Year
Community
Subscriptions
Recent Discussions
Orange Saloon
Badges
Playlists
Quests
Create
Leaderboards
Showdown
Live 5
Trivia Bingo
Activity
Puzzle Library
Sporcle Events
Private Events
Virtual Trivia
Globe League
Become a Host
Pub Owners
SporcleCon
Opinionation
Our Games
Videos
Blog
Mobile Apps
Partnerships
Remove Ads and Go Orange
Feedback
History
US Presidents
World Leaders
Politics
Nation
Discovery
War
Decade
Year
Century
Biography
Art
History
US Presidents
World Leaders
Politics
Nation
Discovery
War
Decade
Year
Century
Biography
Art
Random Quiz
Search Sporcle
×
Quiz Lab
Quiz Lab
History
Men Track
Type in answers that appear in a list
Type in answers that appear in a list
Classic
Best Score? Go Orange.
Yale Men's Track and Field Stats
Can you name the Yale Men's Track and Field?
By
chadkroeger
12m
44 Questions
5 Plays
5 Plays
5 Plays
Comments
Comments
Give Quiz Kudos
Give Quiz Kudos
-
- Ratings
hide this ad
Replay
Link that replays current quiz
Next Quiz
Link to next quiz in quiz playlist
You Got
0%
They Got
Avg Score
63%
Avg Friend Score
Upgrade to see
Score Distribution
Jump to the score distribution portion of the page
Score
0/44
Timer
12:00
0
Plays Today
% Correct
Conor Dooney
100%
Daniel Jones
100%
John McGowan
100%
Jacob Sandry
100%
Matthew Bieszard
80%
Kyle Bajtos
80%
Paul Chandler
80%
Andrew Goble
80%
Tim Hillas
80%
Daniel Kemp
80%
Mario Kranjac
80%
Dana Lindberg
80%
Stefan Palios
80%
Chris Ramsey
80%
Nathan Richards
80%
Miles Richardson
80%
Bill Rowe
80%
Julian Sheinbaum
80%
Chance Van Meter
80%
Tommy Winger
80%
John Cocco
60%
Michael Cunetta
60%
% Correct
Andrew Esposito
60%
Demetri Goutos
60%
Tom Harrison
60%
Dylan Hurley
60%
Charlie Jaeger
60%
Sam Kirtner
60%
Ryan Laemel
60%
Mike Levine
60%
Kevin Lunn
60%
Sam Lynch
60%
James Shirvell
60%
Alec Borsook
40%
Michael Grace
40%
Mark Kaczor
40%
Jake McKenzie
40%
Michael Pierce
40%
Matthew Thwaites
40%
Daniel Caballero
20%
Julian Caballero
20%
Michele Gama Sosa
20%
Matt Nussbaum
20%
Isa Qasim
20%
Quiz Playlist
Details
Report
Send in Message
Add To Playlist
Classic:
Type in answers that appear in a list
Last Updated: Feb 16, 2017
Quiz Scoreboard
CHALLENGE
Sign Up to Join the Scoreboard
Show All
Scores
Hide
Comments
May contain spoilers
Recently Published
Movies - When Are They Set?
by FPL_Elf
Movies
5m
Popular People in 1961
by mucciniale
History
6m
1-10 Letter E Words III
by El_Dandy
Language
2m
More to Explore
Quiz From the Vault
Featured Blog Post
Where Did the Easter Bunny Come From?
hide this ad
You Might Also Like...
Tags
field
men
Men Track
Yale
Today's Top Quizzes in History
Browse History
hide this ad
Top Contributed Quizzes in History
1
Popular People in 1991
2
Popular People in 1981
3
Popular People in 1951
4
Popular People in 1941
5
Popular People in 1986
6
Popular People in 1976
7
Popular People in 1921
8
I Am Born On March 28th
9
Popular People in 1946
10
Popular People in 1936
Explore More
Trending Topics
Marvel
Kpop
Harry Potter
NBA
Disney
Crossword
Anime
Soccer
Song
Pokémon
WWE
Country
The Office
Puzzle
NFL
hide this ad
More By:
chadkroeger
Quiz
Plays
Rating
Category
Featured
Created
YALE TRACK AND FIELD 2012-2013
27
Literature
Oct 23, 2012
Yale Men's Track and Field
5
History
Feb 16, 2012
Yale Women's Track and Field 2012-2013
1
History
Mar 20, 2013
Go to Creator's Profile
Score Distribution
Quiz Creator Spotlight
chadkroeger
Follow
Send a Message
Quizzes Created
-
Created Quiz Play Count
-
More By This Creator
Popular Quizzes Today
1
Find the Countries of Europe - No Outlines Minefield
2
Find the US States - No Outlines Minefield
3
The Countries of the World
4
Popular People in 1961
5
1-10 Letter E Words III
6
US States
7
Find the US States
8
One Thing in Common: World Cities II
More History Quizzes
History Blitz: 1970’s
Quiz Lab
Trending Quizzes
Risky Map Clicking: Least Populous States A-Z
Humor Books: The Subtitles
1-10 Letter F Words
1-10 Letter G Words
One Thing in Common: United Kingdom
Recently Updated
Leaping Animals
pecheneg
Reality TV Shows (A-Z)
bhenderson79
Rickey Henderson's Hall of Fame Teammates
pecheneg
Champions League XIs: Arsenal
pecheneg
Quick Pick: Celebrities in WWE's Hall of Fame
aduchscher
A-Z Keypad Blitz II
pecheneg
Multiple Oscar Actors
pecheneg
Mystery Phrase Blitz: Oscar 'Best Actors'
pecheneg
F. Scott Fitzgerald Novels
LTH
Pick 3 Villains
ddd62291
Trending Topics
Disney
Kpop
Crossword
Anime
Harry Potter
NBA
Marvel
WWE
The Office
Puzzle
Soccer
Pokémon
NFL
Song
Country
Your Account Isn't Verified!
In order to create a playlist on Sporcle, you need to verify the email address you used during registration. Go to your
Sporcle Settings
to finish the process.
Report this User
Report this user for behavior that violates our
Community Guidelines
.
Details:
Send Report
Go to the Sporcle.com Mobile Site →
Comments